000 00591nam a2200205 4500
003 OSt
005 20260530113848.0
008 260420b1959 ag a|||| |||| 00| 0 spa d
040 _aICI
_bspa
_cICI
050 _a NC703
_bS35
100 1 _aScott, Robert Gillam
_930931
245 1 0 _aFundamentos del diseño
_c traducido por M. del Castillo de Molina y Vedia
264 1 _bV. Leru,
_c1959
_aBuenos Aires
300 _a195 páginas
_b26.3 cm.
336 _atexto
_2rdacontent
337 _asin medio
_2rdamedia
338 _avolumen
_2rdacarrier
650 4 _aDiseño
_92672
942 _2ddc
_cBK
999 _c11359
_d11359